| 000 | 01119cas a2200373 4500 | ||
|---|---|---|---|
| 001 | 51051 | ||
| 003 | BD-RJUL | ||
| 005 | 20211209075614.0 | ||
| 008 | 160829s1953 enkar p b 0 0eng | ||
| 035 | _aBD-RJUL 51171 | ||
| 035 | _a(OCoLC)03768671 | ||
| 035 | _aGLIS00626184 | ||
| 035 | _a(OCoLC)05337133 | ||
| 035 | _a(OCoLC)02111451 | ||
| 040 |
_aDLC _cOKO _dCLU _dNYG _dm.c. _dNSD _dOCL _dm/c _dDLC _dIUL _dNST _dRCD _beng |
||
| 041 | _aeng | ||
| 082 |
_223 _a370.114 _bYEA 1953 |
||
| 090 |
_aL101.G8 _bW927 |
||
| 099 | _aL101.G8.W927 | ||
| 245 | 0 | 4 |
_aThe Year book of education : _b1953 / |
| 246 | 1 | 0 | _aYearbook of education |
| 260 |
_aLondon : _bEvans Bros., _c1953 |
||
| 300 |
_a587 p. : _bill. ; _c23 cm. |
||
| 504 | _aIncludes bibliographies | ||
| 580 | _aContinued in 1965 by: World year book of education. | ||
| 650 | 0 |
_aEducation _9149443 |
|
| 700 |
_aClarke, fred, edited _9149444 |
||
| 700 |
_aKandel, I. L., edited _9149445 |
||
| 700 |
_aJudges, A.V., edited _9149446 |
||
| 700 |
_aEvans, E. Noel, edited _9149447 |
||
| 942 |
_2ddc _cBK |
||
| 999 |
_c51051 _d51051 |
||